000 00701nam a2200169 4500
005 20251216140925.0
008 170705b xxu||||| |||| 00| 0 eng d
022 _a0091-4169
082 _aDPer 364.05 J826 Summer 2011 v. 101 n. 3
100 _921050
_aMaas, David A.
245 _aPolicing the ratings agencies :
_bthe case for stronger criminal disincentives in the credit rating market /
_cDavid A. Maas.
260 _aEvanston :
_bNorthwestern University Press ,
_cSummer 2011.
300 _aVolume 101, pages 1005-1038 :
_c25 cm.
500 _aThe Journal of Criminal Law and Criminology, vol. 101, no. 3, pages 1005-1038, Summer 2011.
650 0 _921051
_aCriminals
942 _2ddc
_cPER
999 _c6953
_d6953